Detalles MARC
| 000 -CABECERA |
| campo de control de longitud fija |
00830cam a2200217 a 4500 |
| 001 - NÚMERO DE CONTROL |
| campo de control |
000006506 |
| 005 - FECHA Y HORA DE LA ÚLTIMA TRANSACCIÓN |
| campo de control |
20200929153937.0 |
| 008 - DATOS DE LONGITUD FIJA--INFORMACIÓN GENERAL |
| campo de control de longitud fija |
931216s1991 pn 000 0 spa d |
| 040 ## - FUENTE DE LA CATALOGACIÓN |
| Centro catalogador/agencia de origen |
DO-SdBNP |
| Lengua de catalogación |
spa |
| Centro/agencia transcriptor |
DLC |
| Centro/agencia modificador |
BNPHU |
| 082 ## - NÚMERO DE LA CLASIFICACIÓN DECIMAL DEWEY |
| Número de clasificación |
P863.44 |
| Número de documento/Ítem |
R658c, |
| 049 ## - FONDOS LOCALES (OCLC) |
| Fondos de biblioteca |
BNGR |
| 100 1# - ENTRADA PRINCIPAL--NOMBRE DE PERSONA |
| Nombre de persona |
Robinson, David |
| Forma completa/desarrollada del nombre |
David Maurice Robinson, |
| Fechas asociadas al nombre |
1960- |
| 9 (RLIN) |
18045 |
| 245 10 - MENCIÓN DE TÍTULO |
| Título |
En las cosas del amor... / |
| Mención de responsabilidad, etc. |
David Robinson. |
| 260 ## - PUBLICACIÓN, DISTRIBUCIÓN, ETC. |
| Lugar de publicación, distribución, etc. |
[Panamá] : |
| Nombre del editor, distribuidor, etc. |
Editorial Mariano Arosemena : |
| -- |
Instituto Nacional de Cultura : |
| -- |
Dirección Nacional de Extensión Cultural : |
| -- |
Departamento de Letras, |
| Fecha de publicación, distribución, etc. |
1991. |
| 300 ## - DESCRIPCIÓN FÍSICA |
| Extensión |
73 p. ; |
| Dimensiones |
18 cm. |
| 490 1# - MENCIÓN DE SERIE |
| Mención de serie |
Nuevas letras de Panamá |
| Designación de volumen o secuencia |
3 |
| Mención de serie |
Cuento |
| 650 #4 - PUNTO DE ACCESO ADICIONAL DE MATERIA--TÉRMINO DE MATERIA |
| Término de materia o nombre geográfico como elemento de entrada |
Cuentos panameños |
| 9 (RLIN) |
18046 |
| 650 #4 - PUNTO DE ACCESO ADICIONAL DE MATERIA--TÉRMINO DE MATERIA |
| Término de materia o nombre geográfico como elemento de entrada |
Literatura panameña |
| 9 (RLIN) |
4261 |
| 830 #0 - PUNTO DE ACCESO ADICIONAL DE SERIE-TÍTULO UNIFORME |
| Título uniforme |
Nuevas letras de Panamá ; |
| Designación de volumen o secuencia |
3, |
| Nombre de parte o sección de la obra |
Cuento. |
| 9 (RLIN) |
18047 |
| 910 ## - DATOS DE OPCIÓN DEL USUARIO (OCLC) |
| Datos de opción del usuario |
Catalogación por copia / LC |